World Capitals Closest to Vladivostok - One Minute Sprint - Statistics

General Stats
  • This quiz has been taken 54 times
  • The average score is 14 of 35
Answer Stats
km capital miles % Correct
745 Seoul 463
94%
1066 Tokyo 662
94%
688 Pyongyang 428
92%
1338 Beijing 832
90%
2007 Ulaanbaatar 1247
81%
3447 Hanoi 2142
69%
3341 Manila 2076
65%
2222 Taipei 1381
63%
4438 Bangkok 2758
58%
5090 New Delhi 3163
56%
3930 Vientiane 2442
54%
6421 Moscow 3990
48%
4375 Phnom Penh 2718
46%
4529 Astana 2814
42%
4491 Kathmandu 2791
42%
5430 Singapore 3374
42%
4569 Bishkek 2839
35%
5362 Kuala Lumpur 3332
35%
6045 Jakarta 3756
33%
5123 Islamabad 3183
31%
5051 Tashkent 3138
31%
4160 Thimphu 2585
31%
5214 Dushanbe 3240
29%
4352 Dhaka 2704
25%
5789 Dili 3597
25%
6042 Ashgabat 3755
21%
5393 Kabul 3351
21%
4229 Naypyitaw 2628
21%
4573 Bandar Seri Begawan 2841
17%
3976 Ngerulmud 2470
10%
6056 Port Moresby 3763
10%
5561 Majuro 3455
8%
4780 Palikir 2970
8%
6185 Tarawa 3843
4%
5985 Yaren 3719
4%
No matching quizzes found
Score Distribution
Percent of People with Each Score
Percentile by Number Answered
Your Score History
You have not taken this quiz